| 000 | 00430pab a2200157 454500 | ||
|---|---|---|---|
| 008 | 180718b1985 xxu||||| |||| 00| 0 eng d | ||
| 100 | _aLaffin, Martin | ||
| 245 | _aThe changing roles and responsibilities of local authority chief officers | ||
| 260 | _c1985 | ||
| 300 | _a41-59 | ||
| 362 | _aSpring | ||
| 650 | _aMunicipal Officials - U.K. | ||
| 700 | _aKen Young | ||
| 773 | _aPublic Administration (U.K.) | ||
| 909 | _a13959 | ||
| 999 |
_c13959 _d13959 |
||